The guide of FRANCHISING

Bibliographic Details
Main Author: Mendelsohn, Martin
Format: Book
Published: London : Cassell , 1992
Edition:5th edition
Subjects:

MARC

LEADER 00000cam a2200000 7i4500
001 0000004599
002 000004959
005 20000330.0
020 |a 0304328146 
090 0 0 |a 658.8708   |b MEN 
100 1 |a Mendelsohn, Martin 
245 1 4 |a The guide of FRANCHISING   |c Martin Mendelsohn 
250 |a 5th edition 
260 |a London :   |b Cassell ,   |c 1992 
300 |a 341p. ;   |c 24cm. 
650 0 0 |a Franchises (Retail trade)   |z United Kingdom   |x Handbooks,manuals,etc 
999 |a 037406   |b BUKU   |c PINJAMAN   |e PERPUSTAKAAN KOMUNITI PETALING JAYA